World's most valuable compagnies (2025) - Statistics

General Stats
  • This quiz has been taken 35 times
  • The average score is 16 of 50
Answer Stats
Rank Country Value (billions) Compagny % Correct
3 US 3 100 Apple
93%
2 US 3 800 Microsoft
87%
4 US 2 400 Amazon
83%
38 US 279.0 General Electric
83%
10 US 1 100 Tesla
83%
6 US 1 800 Meta
77%
1 US 4 200 Nvidia
67%
30 KR 316.1 Samsung
67%
5 US 2 200 Alphabet
63%
42 US 265.8 IBM
50%
13 US 759.3 Wallmart
50%
28 US 352.2 Bank of America
40%
31 US 301.7 Coca-Cola
40%
49 CH 254.9 Nestlé
40%
9 TW 1 200 TSMC
40%
16 US 681.5 Visa
37%
11 US 1 000 Berkshire Hathaway
33%
12 US 801.5 JPMorgan Chase
33%
19 US 500.9 Mastercard
33%
7 SA 1 600 Saudi Aramco
33%
36 CN 286.4 Alibaba
30%
40 FR 273.6 LVMH
30%
34 DK 289.7 Novo Nordisk
30%
26 DE 357.2 SAP
30%
33 NL 290.2 ASML
27%
20 US 464.3 Exxon Mobil
27%
22 US 394.4 Johnson & Johnson
27%
15 US 690.9 Oracle
27%
21 US 421.4 Costco
23%
18 US 513.9 Netflix
23%
17 CN 599.2 Tencent
23%
24 US 360.1 Palantir
20%
48 US 255.1 AMD
17%
47 US 255.2 Chevron
17%
41 US 269.7 Cisco
17%
46 US 256.5 UnitedHealth
17%
8 US 1 300 Broadcom
13%
25 CN 359 ICBC
13%
44 CH 258.9 Roche
13%
43 US 259.4 Wells Fargo
13%
14 US 694.2 Eli Lilly
10%
27 US 356.3 Home Depot
10%
23 US 363.7 Procter & Gamble
10%
35 FR 288.6 Hermès
7%
29 US 334.7 AbbVie
3%
32 CN 293.7 Agricultural Bank of China
3%
37 CN 283.1 China Construction Bank
3%
39 US 278.7 Philip Morris International
3%
45 US 257.3 T-Mobile US
3%
50 NL 253.1 Prosus
0%
No matching quizzes found
Score Distribution
Percent of People with Each Score
Percentile by Number Answered
Your Score History
You have not taken this quiz